00379nam a2200133Ia 4500008004100000082001500041100002300056245004200079250000600121260002600127300000800153630004200161730004200203100122s9999 xx 000 0 und d b65921a820 aSWAMI MADHAVANANDA aBHASA- PARICCHEDA क क्र- 17/2 a0 bADVAITA ASHRAMAc1977 a276 aBHASA- PARICCHEDA क क्र- 17/2 aBHASA- PARICCHEDA क क्र- 17/2